000
00346 a2200157 4500
999
_c
12825
_d
12825
003
OSt
005
20240711190034.0
008
240711b ||||| |||| 00| 0 eng d
020
_a
9788193232958
082
_a
[728.42083]
100
_a
Sanjay Mohe
245
_a
Connecting The Dots
260
_b
Border Book
300
_a
203p;
942
_2
ddc